The decline of the West: (Record no. 178819)
[ view plain ]
| 000 -LEADER | |
|---|---|
| fixed length control field | 01529 a2200181 4500 |
| 003 - CONTROL NUMBER IDENTIFIER | |
| control field | NUST |
| 005 - DATE AND TIME OF LATEST TRANSACTION | |
| control field | 20230126190619.0 |
| 040 ## - CATALOGING SOURCE | |
| Transcribing agency | Nust |
| 082 ## - DEWEY DECIMAL CLASSIFICATION NUMBER | |
| Classification number | 901.22,SPE |
| 100 ## - MAIN ENTRY--PERSONAL NAME | |
| Personal name | Spengler, Oswald |
| 9 (RLIN) | 17882 |
| 245 ## - TITLE STATEMENT | |
| Title | The decline of the West: |
| Remainder of title | an abridged edition / |
| Statement of responsibility, etc. | edition by Helmut Werner Arthur Helps from the translation by Charles Francis Atkinson. |
| 260 ## - PUBLICATION, DISTRIBUTION, ETC. | |
| Place of publication, distribution, etc. | Islamabad |
| Name of publisher, distributor, etc. | National Book Foundation |
| 300 ## - PHYSICAL DESCRIPTION | |
| Extent | 414 p.; |
| 505 ## - FORMATTED CONTENTS NOTE | |
| Formatted contents note | Introduction (Page-3), The Meaning of Numbers (Page-41), The Problem of World-History (Page-70), Makrokosmos The Symbolism of the world-picture and the Space-problem (Page-87), Makrokosmos: Apollinian Faustian and Magian Soul (Page-97), Music and Plastic the Arts of Form (Page-115), Music and Plastic Act and Portrait (Page-135), Soul-Image and Life-Feeling on the form of the Soul (Page-159), Soul Image and Life-Feeling Buddhism Stoicism Socialism (Page-176), Faustian and Appollinian Nature Knowledge (Page-188), Faustian and Appollinian Nature Knowledge (Page-188), Origin and landscape (Page-226), Origin and Landscape (Page-230), Cities and Peoples (Page-245), Problems of the Arabian Culture Historic Pseudomorphoses (Page-268), Problems of the Arabian Culturre (Page-299), The State the problem (Page-354), State and History (Page-360), Philosophy of politics (Page-382), The Form World of Economic Life (Page-398), The Form World of Economic Life (Page-409). |
| 600 ## - SUBJECT ADDED ENTRY--PERSONAL NAME | |
| Personal name | Helmut Werner |
| 9 (RLIN) | 6589 |
| 650 ## - SUBJECT ADDED ENTRY--TOPICAL TERM | |
| Topical term or geographic name entry element | The decline of the West |
| 9 (RLIN) | 107832 |
| 942 ## - ADDED ENTRY ELEMENTS (KOHA) | |
| Source of classification or shelving scheme | |
| Koha item type | Book |
| Call number prefix | 901.22,SPE |
| Withdrawn status | Lost status | Source of classification or shelving scheme | Damaged status | Not for loan | Permanent Location | Current Location | Shelving location | Date acquired | Full call number | Barcode | Date last seen | Price effective from | Koha item type | Public note |
|---|---|---|---|---|---|---|---|---|---|---|---|---|---|---|
| Military College of Signals (MCS) | Military College of Signals (MCS) | General Stacks | 12/12/2016 | 901.22,SPE | MCS34319 | 12/08/2016 | 12/12/2016 | Book | Almirah No.58, Shelf No.3 | |||||
| Military College of Signals (MCS) | Military College of Signals (MCS) | General Stacks | 12/12/2016 | 901.22,SPE | MCS34320 | 12/08/2016 | 12/12/2016 | Book | Almirah No.75, Shelf No.4 |
